[Event "Superliga 2011 M"]
[Site "?"]
[Date "2011.10.09"]
[Round "2.1"]
[White "Mastrovasilis, Dimitrios"]
[Black "Suba, Mihai"]
[Result "1-0"]
[WhiteElo "2607"]
[BlackElo "2471"]
[PlyCount "71"]
[EventDate "2011.??.??"]

1. e4 Nf6 2. e5 Nd5 3. d4 d6 4. Nf3 Nb6 5. a4 a5 6. Nc3 dxe5 7. Nxe5 N8d7 8.
Bf4 c6 9. Bd3 Nxe5 10. Bxe5 Nd7 11. Qe2 Nxe5 12. dxe5 Qb6 13. O-O-O Be6 14. Bc4
Bxc4 15. Qxc4 g6 16. e6 Bh6+ 17. Kb1 O-O 18. exf7+ Rxf7 19. Ne4 Raf8 20. Rd3
Kh8 21. Rb3 Qd8 22. Rxb7 Qd5 23. Qd3 Bg7 24. f3 Qe5 25. c3 Rf4 26. Rd1 h6 27.
Qd7 Rxe4 28. fxe4 Qxe4+ 29. Qd3 Qxg2 30. Rxe7 Rf2 31. Rb7 Qg4 32. Re1 h5 33.
Qd7 Qxd7 34. Rxd7 Bf8 35. Re6 g5 36. Re5 1-0

[Event "Superliga 2011 M"]
[Site "?"]
[Date "2011.10.09"]
[Round "2.1"]
[White "Shishkin, Vadim"]
[Black "Svetushkin, Dmitry"]
[Result "1/2-1/2"]
[WhiteElo "2450"]
[BlackElo "2594"]
[PlyCount "67"]
[EventDate "2011.??.??"]
[TimeControl "5400"]

1. d4 d5 2. c4 c6 3. Nf3 Nf6 4. Nc3 e6 5. e3 a6 6. Bd3 dxc4 7. Bxc4 b5 8. Be2
c5 9. O-O Bb7 10. dxc5 Bxc5 11. Qxd8+ Kxd8 12. b3 Nbd7 13. Bb2 Ke7 14. Rfd1
Rhc8 15. Rac1 g6 16. Ne1 Nb6 17. Bf3 Bxf3 18. Nxf3 Nfd5 19. Ne4 Nd7 20. Ne5
Nxe5 21. Nxc5 Nc6 22. e4 Nb6 23. Nd3 a5 24. Rc5 Na7 25. Bd4 Nd7 26. Rxc8 Nxc8
27. Nc5 Ncb6 28. f3 a4 29. Nxd7 Nxd7 30. bxa4 Rxa4 31. Rd2 f5 32. exf5 gxf5 33.
Kf1 Nf6 34. Bxf6+ 1/2-1/2

[Event "Superliga 2011 M"]
[Site "?"]
[Date "2011.10.09"]
[Round "2.1"]
[White "Mateuta, Gabriel"]
[Black "Thesing, Matthias"]
[Result "1/2-1/2"]
[WhiteElo "2507"]
[BlackElo "2404"]
[PlyCount "27"]
[EventDate "2011.??.??"]
[TimeControl "5400"]

1. c4 e6 2. g3 d5 3. Bg2 Nf6 4. Nf3 Be7 5. O-O O-O 6. d4 dxc4 7. Qc2 a6 8. a4
Bd7 9. Bg5 Bc6 10. Bxf6 Bxf6 11. Rd1 Bxf3 12. Bxf3 c6 13. Qxc4 a5 14. Nc3
1/2-1/2

[Event "Superliga 2011 M"]
[Site "?"]
[Date "2011.10.09"]
[Round "2.1"]
[White "Grozav, Valeriu-Gheorghe"]
[Black "Danilov, Vladimir"]
[Result "1/2-1/2"]
[WhiteElo "2166"]
[BlackElo "2441"]
[PlyCount "129"]
[EventDate "2011.??.??"]
[TimeControl "5400"]

1. e4 e5 2. Nf3 Nc6 3. d4 exd4 4. Nxd4 Nf6 5. Nxc6 bxc6 6. Bd3 d5 7. exd5 Qe7+
8. Qe2 Qxe2+ 9. Kxe2 cxd5 10. Re1 Bd6 11. Bb5+ Kd8 12. h3 Rb8 13. Bd3 c5 14. c3
h6 15. Kf1 Kc7 16. b3 Nh5 17. Kg1 Bd7 18. Na3 Rhe8 19. Rxe8 Rxe8 20. Bf1 Nf4
21. Nb5+ Bxb5 22. Bxf4 Bxf4 23. Bxb5 Rb8 24. Be2 Be5 25. Rd1 d4 26. cxd4 Bxd4
27. Kf1 a5 28. Bc4 a4 29. Rd2 f5 30. bxa4 Rb1+ 31. Ke2 Rb4 32. Bb3 Kb6 33. Rc2
Ka5 34. Kd3 Rb6 35. Re2 f4 36. Re6 Rxe6 37. Bxe6 Bxf2 38. Bd7 Kb4 39. Bb5 g5
40. a3+ Ka5 41. Be8 Be1 42. Kc4 Kb6 43. Kd5 Bd2 44. Kc4 Ba5 45. Kd5 Bc3 46. Kc4
Bd2 47. Kd5 Be3 48. Kc4 Ka5 49. Kb3 Bc1 50. Bh5 Kb6 51. Bf3 Ka6 52. Bh5 Ka5 53.
Bd1 Be3 54. Bh5 Bd2 55. Be8 Kb6 56. Kc4 Bc1 57. a5+ Kxa5 58. Kxc5 Bxa3+ 59. Kd5
Kb4 60. Ke4 Kc3 61. Kf5 Kd3 62. Kg6 Bf8 63. Kf7 Bc5 64. Kg6 Be3 65. Bc6 1/2-1/2

[Event "Superliga 2011 M"]
[Site "?"]
[Date "2011.10.09"]
[Round "2.1"]
[White "Ungureanu, Vlad"]
[Black "Horvat, Dan-Sebastian"]
[Result "0-1"]
[WhiteElo "2376"]
[BlackElo "2196"]
[PlyCount "66"]
[EventDate "2011.??.??"]

1. d4 d5 2. c4 c6 3. Nc3 Nf6 4. Nf3 a6 5. a4 e6 6. e3 c5 7. Be2 Nc6 8. O-O Bd6
9. b3 O-O 10. Bb2 b6 11. Rc1 Bb7 12. cxd5 exd5 13. Bd3 Re8 14. Ne2 Rc8 15. Ng3
Ne4 16. Bb1 Na5 17. Nxe4 dxe4 18. Nd2 Qh4 19. g3 Qh3 20. d5 Bxd5 21. Nxe4 Bxg3
22. hxg3 Bxe4 23. Bxe4 Rxe4 24. Bc3 Nxb3 25. Rb1 c4 26. Qd5 Qe6 27. Qb7 h5 28.
Rfd1 Nc5 29. Qa7 Nxa4 30. Bb4 c3 31. Rd6 Rxb4 32. Rxe6 Rxb1+ 33. Kg2 c2 0-1

[Event "Superliga 2011 M"]
[Site "?"]
[Date "2011.10.09"]
[Round "2.1"]
[White "Zaim, Marian"]
[Black "Chifor, Ovidiu-Emanuel"]
[Result "1/2-1/2"]
[WhiteElo "2171"]
[BlackElo "2256"]
[PlyCount "80"]
[EventDate "2011.??.??"]
[TimeControl "5400"]

1. c4 Nf6 2. g3 g6 3. Bg2 Bg7 4. Nc3 O-O 5. e4 d6 6. Nge2 e5 7. O-O Nc6 8. d3
Nd4 9. Nxd4 exd4 10. Ne2 c5 11. Nf4 Bg4 12. f3 Bd7 13. Bd2 b5 14. b3 Qc7 15.
Qc2 Rab8 16. Rab1 Rfc8 17. Bh3 a6 18. Bxd7 Qxd7 19. Kg2 Qb7 20. Rfe1 Qc7 21.
Nh3 Qc6 22. Nf4 Qc7 23. Nh3 Qc6 24. a4 Rb7 25. axb5 axb5 26. Ra1 Rcb8 27. Ra2
bxc4 28. bxc4 Qb6 29. Rea1 h6 30. Nf2 Nd7 31. Bc1 h5 32. Ra6 Qc7 33. Qa4 Ne5
34. h3 Rb6 35. f4 Nc6 36. Kf3 Qb7 37. Ra8 Kh7 38. Rxb8 Qxb8 39. Qa8 Qxa8 40.
Rxa8 Bf6 1/2-1/2

[Event "Superliga 2011 M"]
[Site "Brasov"]
[Date "2011.10.09"]
[Round "2.2"]
[White "Mosnegutu, Klauss"]
[Black "Manea, Alexandru"]
[Result "0-1"]
[WhiteElo "2240"]
[BlackElo "2415"]
[PlyCount "110"]
[EventDate "2011.10.08"]

1. d4 d5 2. c4 c6 3. Nc3 Nf6 4. Bg5 dxc4 5. e4 Be6 6. Bxf6 exf6 7. d5 cxd5 8.
exd5 Bf5 9. Bxc4 Bd6 10. Qe2+ Qe7 11. Nb5 Bb4+ 12. Kf1 Qxe2+ 13. Nxe2 Kd7 14.
Ng3 Bg6 15. f4 a6 16. Nd4 h6 17. f5 Bh7 18. d6 Nc6 19. Nxc6 Kxc6 20. Bxf7 Bxd6
21. Rc1+ Kb6 22. Be6 Rhe8 23. Ne2 Be5 24. h4 Bg8 25. Bxg8 Rxg8 26. Rh3 Rad8 27.
Rb3+ Ka7 28. Rc4 Rd1+ 29. Kf2 Rgd8 30. Rc2 Rh1 31. Rb4 h5 32. Ng3 Rd4 33. Rxd4
Bxd4+ 34. Kf3 Rxh4 35. Rc4 b5 36. Rc7+ Kb6 37. Rxg7 Bxb2 38. Ne4 Be5 39. g3 Rh2
40. Nxf6 Bxf6 41. Rg6 Rxa2 42. Rxf6+ Kc7 43. Re6 Kd7 44. Re1 Rc2 45. Kf4 b4 46.
Ra1 Rc6 47. Kg5 Ke7 48. Kxh5 b3 49. Kg5 b2 50. Rb1 Rb6 51. Kf4 a5 52. Ke3 a4
53. Kd2 a3 54. Kc2 a2 55. Rxb2 Rc6+ 0-1

[Event "Superliga 2011 M"]
[Site "Brasov"]
[Date "2011.10.09"]
[Round "2.2"]
[White "Genov, Petar"]
[Black "Posedaru, Bogdan"]
[Result "1/2-1/2"]
[WhiteElo "2447"]
[BlackElo "2322"]
[PlyCount "37"]
[EventDate "2011.10.08"]

1. d4 d5 2. c4 e6 3. Nf3 c6 4. Nbd2 f5 5. g3 Nf6 6. Bg2 Bd6 7. O-O Nbd7 8. b3
b6 9. Bb2 O-O 10. Ne5 Bb7 11. Ndf3 c5 12. e3 Rc8 13. Rc1 Qe7 14. Qe2 Ne4 15.
Nxd7 Qxd7 16. Rfd1 Qe7 17. Ne5 Bxe5 18. dxe5 dxc4 19. bxc4 1/2-1/2

[Event "Superliga 2011 M"]
[Site "Brasov"]
[Date "2011.10.09"]
[Round "2.2"]
[White "Ionescu, Mihai"]
[Black "Grecescu, Gabriel-Andrei"]
[Result "0-1"]
[WhiteElo "2340"]
[BlackElo "2423"]
[PlyCount "138"]
[EventDate "2011.10.08"]

1. Nf3 Nf6 2. c4 e6 3. g3 c5 4. Bg2 Nc6 5. O-O Be7 6. Nc3 O-O 7. d4 cxd4 8.
Nxd4 a6 9. Bf4 Na5 10. Qd3 d6 11. Bd2 Bd7 12. Rfd1 Rb8 13. Rac1 Nc6 14. Nxc6
bxc6 15. b3 h6 16. e4 Qc8 17. Bf4 e5 18. Bd2 Bg4 19. Re1 Nd7 20. Na4 Nc5 21.
Nxc5 dxc5 22. f3 Be6 23. Qc3 Qc7 24. f4 Rbd8 25. f5 Bc8 26. Be3 Bg5 27. Bxc5
Bd2 28. Qb2 Rfe8 29. b4 a5 30. bxa5 Bxe1 31. Bb6 Rd2 32. Rxe1 Qd6 33. Qc3 c5
34. Qe3 Rd4 35. Qb3 Ba6 36. Bf1 Qc6 37. Qc2 Rc8 38. Re3 Qf6 39. Qc3 Qg5 40. Kf2
Qe7 41. Be2 Qd6 42. Qc2 Rd2 43. Qc3 Qd4 44. Kf3 Rxa2 45. Qb3 Rxe2 46. Rxe2 Bxc4
47. Qe3 Qd1 48. Kf2 Bxe2 49. Qxe2 Qxe2+ 50. Kxe2 Rc6 51. Kd3 c4+ 52. Kc3 Kf8
53. Be3 Ke7 54. Kb4 c3 55. Kb5 Rc8 56. a6 Kd7 57. a7 Kc7 58. Ka6 c2 59. g4 g5
60. fxg6 fxg6 61. Bxh6 Rd8 62. h4 Rd6+ 63. Kb5 Kb7 64. Kc4 Rd1 65. h5 gxh5 66.
gxh5 Kxa7 67. Be3+ Kb7 68. h6 c1=Q+ 69. Bxc1 Rxc1+ 0-1

[Event "Superliga 2011 M"]
[Site "Brasov"]
[Date "2011.10.09"]
[Round "2.2"]
[White "Baciu, Stefan"]
[Black "Szabo, Attila"]
[Result "1-0"]
[WhiteElo "2217"]
[BlackElo "2290"]
[PlyCount "85"]
[EventDate "2011.10.08"]

1. d4 d5 2. c4 e6 3. Nc3 Nf6 4. Nf3 Be7 5. Bg5 O-O 6. e3 c6 7. Qc2 Nbd7 8. h3
h6 9. Bf4 b6 10. cxd5 exd5 11. Be2 Bb7 12. O-O Re8 13. a3 Bf8 14. Rfd1 Qe7 15.
Rac1 Qe6 16. Ne5 Bd6 17. Nxd7 Qxd7 18. Bxd6 Qxd6 19. Bf3 Re7 20. e4 dxe4 21.
Nxe4 Nxe4 22. Bxe4 Rae8 23. Bf3 Rc8 24. Qa4 a6 25. Qb3 b5 26. Rc5 Rd8 27. Qc3
Re6 28. b4 Rf6 29. Re5 Rf4 30. Qe3 Rxd4 31. Rxd4 Qxd4 32. Qxd4 Rxd4 33. Re7 c5
34. Bxb7 cxb4 35. axb4 Rxb4 36. Bxa6 Rb1+ 37. Kh2 Rb2 38. f3 f6 39. Rb7 g5 40.
Bxb5 Kf8 41. Bc6 Rd2 42. Be4 h5 43. Bg6 1-0

[Event "Superliga 2011 M"]
[Site "Brasov"]
[Date "2011.10.09"]
[Round "2.2"]
[White "Hajbok, Robert"]
[Black "Anuta, Elefterie-Laurentiu"]
[Result "1/2-1/2"]
[WhiteElo "2272"]
[BlackElo "2024"]
[PlyCount "145"]
[EventDate "2011.10.08"]

1. d4 f5 2. Bg5 Nf6 3. Bxf6 exf6 4. e3 c6 5. Bd3 Be7 6. h4 h5 7. Ne2 g6 8. Nf4
Kf7 9. Nd2 d5 10. c4 Bd6 11. g3 Bxf4 12. gxf4 dxc4 13. Bxc4+ Kg7 14. Rg1 Nd7
15. Qe2 Nb6 16. Bb3 Qe7 17. O-O-O Be6 18. Kb1 a5 19. Bxe6 Qxe6 20. Nb3 Nd5 21.
Nc5 Qe7 22. Rg3 Kh6 23. Qd2 b6 24. Nd3 Qe6 25. a3 Rhc8 26. Rdg1 Ne7 27. Rc1 Nd5
28. Rgg1 Kh7 29. Rc2 Ra7 30. Rgc1 Rac7 $11 31. Ne1 Qe4 32. Qe2 c5 33. dxc5 Rxc5
34. Qd2 Rxc2 35. Nxc2 Qc4 36. Rd1 Rc7 37. Nd4 Ne7 38. Ka1 Ng8 39. Qe1 Ne7 40.
Qd2 Ng8 41. f3 Ne7 42. Kb1 Qd5 43. Qd3 Nc6 44. Nb5 Qxd3+ 45. Rxd3 Re7 46. Rd6
Rxe3 47. Rxc6 Rxf3 48. Rc4 Rh3 49. Nd6 Rxh4 50. Ne8 g5 51. Nxf6+ Kg6 52. Rc6
Rh1+ 53. Kc2 gxf4 54. Ne4+ Kg7 55. Nd2 h4 56. Rxb6 h3 57. Rb3 Kg6 58. Rb8 Kg7
59. Rb3 Kg6 60. Rd3 Kh5 61. Rd8 Rh2 62. Kd3 f3 63. Ke3 Kg4 64. Rg8+ Kh5 65. Rb8
Kg4 66. Rg8+ Kh5 67. b4 axb4 68. axb4 Re2+ 69. Kd3 f4 70. Rh8+ Kg4 71. Rg8+ Kh5
72. Rh8+ Kg4 73. Rg8+ 1/2-1/2

[Event "Superliga 2011 M"]
[Site "Brasov"]
[Date "2011.10.09"]
[Round "2.3"]
[White "Jianu, Vlad-Cristian"]
[Black "Timoshenko, Georgy"]
[Result "1/2-1/2"]
[WhiteElo "2502"]
[BlackElo "2572"]
[PlyCount "37"]
[EventDate "2011.10.08"]

1. d4 Nf6 2. c4 g6 3. g3 Bg7 4. Bg2 O-O 5. Nf3 d6 6. O-O Nc6 7. Nc3 a6 8. Qd3
Bd7 9. d5 Nb4 10. Qd1 a5 11. Be3 c6 12. h3 e5 13. dxe6 Bxe6 14. b3 d5 15. Nd4
Qe7 16. a3 Na6 17. Nxe6 fxe6 18. cxd5 exd5 19. Bd4 1/2-1/2

[Event "Superliga 2011 M"]
[Site "Brasov"]
[Date "2011.10.09"]
[Round "2.3"]
[White "Balla, Tamas-Kristof"]
[Black "Moldovan, Daniel"]
[Result "1/2-1/2"]
[WhiteElo "2378"]
[BlackElo "2436"]
[PlyCount "28"]
[EventDate "2011.10.08"]

1. d4 g6 2. e4 Bg7 3. f4 d5 4. e5 c5 5. dxc5 Nh6 6. Nc3 d4 7. Bb5+ Nc6 8. Bxc6+
bxc6 9. Nce2 Qa5+ 10. Qd2 Qxc5 11. Nxd4 O-O 12. Ngf3 f6 13. exf6 Bxf6 14. c3
Nf5 1/2-1/2

[Event "Superliga 2011 M"]
[Site "Brasov"]
[Date "2011.10.09"]
[Round "2.3"]
[White "Raceanu, Valentin"]
[Black "Vasilescu, Lucian-Mihail"]
[Result "1-0"]
[WhiteElo "2417"]
[BlackElo "2295"]
[PlyCount "77"]
[EventDate "2011.10.08"]

1. d4 c5 2. d5 g6 3. e4 Bg7 4. Bd3 d6 5. Nf3 e6 6. c4 Ne7 7. O-O O-O 8. Re1 a6
9. a4 e5 10. a5 f5 11. Ra3 h6 12. Nc3 f4 13. Be2 g5 14. Nd2 Nd7 15. Nf1 Nf6 16.
Bd2 g4 17. Na4 Nxe4 18. Nb6 Rb8 19. Nxc8 Nxc8 20. Bxg4 Ng5 21. g3 Ne7 22. gxf4
exf4 23. Be6+ Kh8 24. Qh5 Nf5 25. Bxf4 Bxb2 26. Bxf5 Rxf5 27. Qxh6+ Nh7 28. Rh3
Qg8+ 29. Rg3 Bg7 30. Qh4 Qd8 31. Qg4 Qf6 32. Bd2 Rxf2 33. Bc3 Qxc3 34. Rxc3
Bxc3 35. Kxf2 Rf8+ 36. Ke2 Re8+ 37. Ne3 Bxe1 38. Qd7 Nf6 39. Qh3+ 1-0

[Event "Superliga 2011 M"]
[Site "Brasov"]
[Date "2011.10.09"]
[Round "2.3"]
[White "Malureanu, Costin-George"]
[Black "Bida, Mihai-Eugen"]
[Result "1/2-1/2"]
[WhiteElo "2165"]
[BlackElo "2141"]
[PlyCount "32"]
[EventDate "2011.10.08"]

1. e4 c5 2. Nf3 Nc6 3. d4 cxd4 4. Nxd4 Nf6 5. Nc3 d6 6. f4 e6 7. Nf3 Be7 8. Bd3
a6 9. O-O O-O 10. a3 b5 11. Kh1 Bb7 12. Qe2 Nd7 13. Be3 Bf6 14. Rad1 Qe7 15. e5
dxe5 16. Ne4 Nd4 1/2-1/2

[Event "Superliga 2011 M"]
[Site "?"]
[Date "2011.10.09"]
[Round "2.4"]
[White "Kamsky, Gata"]
[Black "Jobava, Baadur"]
[Result "1/2-1/2"]
[WhiteElo "2756"]
[BlackElo "2712"]
[PlyCount "59"]
[EventDate "2011.??.??"]
[TimeControl "5400"]

1. e4 c5 2. Nf3 d6 3. d4 cxd4 4. Nxd4 Nf6 5. Nc3 Nc6 6. Be2 g6 7. O-O Bg7 8.
Nb3 O-O 9. Re1 a6 10. Bf1 Bg4 11. f3 Be6 12. Bg5 d5 13. exd5 Nxd5 14. Nxd5 Bxd5
15. c3 Qd6 16. Be3 Rad8 17. Qe2 Be5 18. g3 Bg7 19. f4 b5 20. Qf2 Rfe8 21. Rad1
e6 22. a4 Rb8 23. a5 Ne7 24. g4 Qc6 25. Nc5 Bc4 26. Bg2 Bd5 27. Bf1 Bc4 28. Bg2
Bd5 29. Bf1 Bc4 30. Bg2 1/2-1/2

[Event "Superliga 2011 M"]
[Site "?"]
[Date "2011.10.09"]
[Round "2.4"]
[White "Yemelin, Vasily"]
[Black "Volokitin, Andrei"]
[Result "0-1"]
[WhiteElo "2568"]
[BlackElo "2686"]
[PlyCount "80"]
[EventDate "2011.??.??"]

1. e4 c5 2. Nf3 d6 3. d4 cxd4 4. Nxd4 Nf6 5. f3 e5 6. Bb5+ Nbd7 7. Nf5 d5 8.
exd5 a6 9. Ba4 b5 10. Bb3 Nc5 11. Ne3 Nxb3 12. axb3 Bc5 13. c4 Nh5 14. g3 f5
15. Nc3 O-O 16. Nc2 f4 17. Ne4 Ba7 18. Nb4 Bf5 19. Nc6 Qd7 20. g4 Bxe4 21. fxe4
Nf6 22. Qf3 Nxg4 23. Nxa7 Rxa7 24. c5 Nf6 25. Bd2 Nxd5 26. exd5 e4 27. Qc3 Qg4
28. Qd4 e3 29. Bc3 Qh4+ 30. Ke2 Rf5 31. Rag1 Qh5+ 32. Ke1 f3 33. Rxg7+ Kf8 34.
Qxe3 f2+ 35. Kd2 f1=N+ 36. Rxf1 Rxf1 37. Qg5 Qd1+ 38. Ke3 Qf3+ 39. Kd4 Rd1+ 40.
Bd2 Rxg7 0-1

[Event "Superliga 2011 M"]
[Site "?"]
[Date "2011.10.09"]
[Round "2.4"]
[White "Parligras, Mircea-Emilian"]
[Black "Manolache, Marius"]
[Result "1-0"]
[WhiteElo "2625"]
[BlackElo "2535"]
[PlyCount "113"]
[EventDate "2011.??.??"]
[TimeControl "5400"]

1. d4 Nf6 2. c4 d6 3. Nc3 g6 4. e4 Bg7 5. h3 O-O 6. Nf3 e5 7. d5 a5 8. Bg5 Qe8
9. g4 Na6 10. Rg1 Bd7 11. Be2 Nc5 12. Nd2 c6 13. Be3 Qe7 14. h4 Ne8 15. h5 Nc7
16. Nb3 b6 17. Qd2 a4 18. Nxc5 bxc5 19. O-O-O cxd5 20. Nxd5 Nxd5 21. Qxd5 Be6
22. Qxd6 Qb7 23. hxg6 hxg6 24. Qd3 Rab8 25. Rd2 Qa6 26. Kb1 Qa5 27. Rc1 Rb4 28.
Rc3 Bf6 29. g5 Be7 30. f4 Rd8 31. Qc2 Rdb8 32. Qc1 Qa8 33. Qh1 Qb7 34. Rcc2 Rb3
35. Bd3 Rxd3 36. Rxd3 Bf8 37. fxe5 Bxc4 38. Rdc3 Be6 39. Qh4 Bg7 40. Rh2 Rc8
41. Bxc5 Rxc5 42. Rxc5 Qb4 43. Rhc2 a3 44. b3 Bf8 45. R5c3 Qd4 46. Qf4 Be7 47.
Rc7 Bb4 48. Rb7 Qd1+ 49. Qc1 Qd4 50. Rb8+ Bf8 51. Qxa3 Qd1+ 52. Qc1 Qd4 53. Qd2
Qg1+ 54. Rc1 Qg4 55. Qd6 Qxe4+ 56. Kb2 Kh7 57. Rxf8 1-0

[Event "Superliga 2011 M"]
[Site "?"]
[Date "2011.10.09"]
[Round "2.4"]
[White "Rogozenco, Dorian"]
[Black "Lupulescu, Constantin"]
[Result "0-1"]
[WhiteElo "2552"]
[BlackElo "2655"]
[PlyCount "76"]
[EventDate "2011.??.??"]
[TimeControl "5400"]

1. d4 Nf6 2. c4 e6 3. Nc3 Bb4 4. Qc2 O-O 5. a3 Bxc3+ 6. Qxc3 d5 7. Nf3 dxc4 8.
Qxc4 b6 9. g3 Bb7 10. Bg2 Bd5 11. Qd3 Be4 12. Qe3 Nc6 13. O-O Qd5 14. Rd1 e5
15. Rd2 exd4 16. Qf4 a5 17. Qxc7 Nd7 18. b4 axb4 19. Bb2 Nc5 20. axb4 Rxa1+ 21.
Bxa1 Nb3 22. Rd1 Nxa1 23. Rxa1 d3 24. Qf4 dxe2 25. Re1 Bd3 26. Qe3 Qb5 27. Qd2
Rd8 28. h4 Qxb4 29. Qc1 Bb5 30. Kh2 h6 31. Qe3 Qc5 32. Qb3 Bd3 33. Ra1 Qxf2 34.
Qc3 Be4 35. Ne1 Bxg2 36. Nxg2 Nd4 37. Qc7 Re8 38. Kh3 Qf5+ 0-1

[Event "Superliga 2011 M"]
[Site "?"]
[Date "2011.10.09"]
[Round "2.4"]
[White "Nevednichy, Vladislav"]
[Black "Ardelean, George-Catalin"]
[Result "1-0"]
[WhiteElo "2540"]
[BlackElo "2491"]
[PlyCount "79"]
[EventDate "2011.??.??"]
[TimeControl "5400"]

1. e4 d5 2. exd5 Qxd5 3. Nc3 Qd6 4. d4 c6 5. Ne4 Qe6 6. Qe2 Nf6 7. f3 Qd5 8. c3
Bf5 9. Ng3 g6 10. Nxf5 gxf5 11. Nh3 Nbd7 12. Nf4 Qd6 13. Nd3 Nd5 14. g3 h5 15.
Bh3 h4 16. g4 O-O-O 17. Bd2 Rg8 18. g5 e6 19. O-O-O Qc7 20. c4 Ne7 21. Kb1 Qb6
22. Be3 Qa6 23. Qc2 Kb8 24. f4 Nc8 25. d5 Nd6 26. dxe6 Nxc4 27. exf7 Rg7 28.
Bc1 Rxf7 29. Ne5 Ncxe5 30. fxe5 Re8 31. Rhe1 Nxe5 32. g6 Rc7 33. Bf4 Bg7 34.
Qxf5 Rce7 35. Bg5 Re6 36. Qc2 Qb5 37. Bxe6 Rxe6 38. a4 Qb4 39. Qd2 Qxd2 40.
Rxd2 1-0

[Event "Superliga 2011 M"]
[Site "?"]
[Date "2011.10.09"]
[Round "2.4"]
[White "Petrisor, Adrian-Marian"]
[Black "Dragomirescu, Robin-Alexandru"]
[Result "1/2-1/2"]
[WhiteElo "2388"]
[BlackElo "2353"]
[PlyCount "37"]
[EventDate "2011.??.??"]
[TimeControl "5400"]

1. d4 Nf6 2. c4 g6 3. Nc3 Bg7 4. e4 O-O 5. f3 Nc6 6. Be3 e5 7. Nge2 exd4 8.
Nxd4 d6 9. Qd2 Nxd4 10. Bxd4 Be6 11. Be2 c6 12. O-O a6 13. Rfd1 b5 14. cxb5
axb5 15. b4 c5 16. bxc5 dxc5 17. Bxc5 Qxd2 18. Rxd2 Nxe4 19. Nxe4 1/2-1/2

[Event "Superliga 2011 M"]
[Site "?"]
[Date "2011.10.08"]
[Round "2.5"]
[White "Vajda, Levente"]
[Black "Nisipeanu, Liviu-Dieter"]
[Result "1/2-1/2"]
[WhiteElo "2557"]
[BlackElo "2638"]
[PlyCount "63"]
[EventDate "2011.??.??"]
[TimeControl "5400"]

1. e4 c5 2. c3 Nf6 3. d3 Nc6 4. f4 d5 5. e5 Ng8 6. Nf3 e6 7. Be3 Nh6 8. Nbd2 d4
9. Bf2 Be7 10. Ne4 b6 11. cxd4 cxd4 12. Rc1 Qd5 13. Qb3 Qxb3 14. axb3 Bb7 15.
Nxd4 Nxd4 16. Bxd4 Nf5 17. Bc3 O-O 18. Be2 Rfd8 19. Kf2 Bxe4 20. dxe4 Bc5+ 21.
Kf3 Nd4+ 22. Bxd4 Rxd4 23. Rhd1 Rad8 24. Rxd4 Rxd4 25. Rc2 Kf8 26. g4 Ke7 27.
g5 g6 28. Bc4 Bb4 29. Ke3 Bc5 30. Kf3 Bb4 31. Ke3 Bc5 32. Kf3 1/2-1/2

[Event "Superliga 2011 M"]
[Site "?"]
[Date "2011.10.09"]
[Round "2.5"]
[White "Iordachescu, Viorel"]
[Black "Dobre, Claudiu-Cristian"]
[Result "1-0"]
[WhiteElo "2646"]
[BlackElo "2344"]
[PlyCount "71"]
[EventDate "2011.??.??"]
[TimeControl "5400"]

1. e4 c6 2. c4 e5 3. Nf3 Qa5 4. Be2 Nf6 5. O-O Be7 6. d4 d6 7. c5 O-O 8. cxd6
Bxd6 9. Nbd2 Qc7 10. Nc4 Be7 11. dxe5 Nxe4 12. Qc2 Nc5 13. Ng5 g6 14. Nd6 Bxd6
15. exd6 Qxd6 16. Be3 Nbd7 17. Rad1 Qe7 18. Rfe1 Ne6 19. Nxe6 fxe6 20. Bc4 Rf5
21. b4 Nb6 22. Bc5 Qf6 23. Bd4 Qe7 24. Bd3 Rd5 25. Bxg6 e5 26. Bc5 Qg7 27. Be4
Bg4 28. f3 Rxd1 29. Rxd1 Be6 30. Rd6 Bd5 31. Qd3 Bxe4 32. fxe4 Re8 33. Rd8 Rxd8
34. Qxd8+ Kf7 35. h4 Qf6 36. Qf8+ 1-0

[Event "Superliga 2011 M"]
[Site "?"]
[Date "2011.10.09"]
[Round "2.5"]
[White "Baratosi, Daniel"]
[Black "Fedorov, Alexei"]
[Result "1/2-1/2"]
[WhiteElo "2407"]
[BlackElo "2609"]
[PlyCount "97"]
[EventDate "2011.??.??"]
[TimeControl "5400"]

1. d4 Nf6 2. c4 g6 3. g3 Bg7 4. Bg2 O-O 5. Nc3 d6 6. Nf3 Nc6 7. O-O Bf5 8. d5
Na5 9. Nd4 Bd7 10. b3 c5 11. dxc6 Nxc6 12. Bb2 Qa5 13. Nd5 Nxd5 14. Bxd5 Rfc8
15. Bg2 a6 16. Nxc6 Bxc6 17. Bxg7 Kxg7 18. Qd4+ Kg8 19. Rfc1 Bxg2 20. Kxg2 Rc6
21. a4 Rac8 22. e4 Qb4 23. Qe3 b6 24. Rd1 b5 25. axb5 axb5 26. cxb5 Qxb5 27.
Ra7 Re8 28. Rda1 Rb6 29. Ra8 Rbb8 30. Rxb8 Rxb8 31. Rb1 Qb4 32. e5 e6 33. exd6
Qxd6 34. Qe4 Rb4 35. Qf3 e5 36. Rd1 Qe6 37. Qd5 Qxd5+ 38. Rxd5 e4 39. g4 Rxb3
40. Re5 Rb4 41. g5 Kg7 42. Kg3 f5 43. Re7+ Kg8 44. Kf4 Rb8 45. h4 Rf8 46. Ra7
Rf7 47. Ra5 Re7 48. h5 Kf7 49. Ra6 1/2-1/2

[Event "Superliga 2011 M"]
[Site "?"]
[Date "2011.10.09"]
[Round "2.5"]
[White "Marin, Mihail"]
[Black "Cioara, Andrei-Nestor"]
[Result "1-0"]
[WhiteElo "2550"]
[BlackElo "2436"]
[PlyCount "93"]
[EventDate "2011.??.??"]
[TimeControl "5400"]

1. d4 d5 2. Nf3 Nf6 3. c4 c6 4. e3 Bg4 5. Nc3 e6 6. h3 Bh5 7. g4 Bg6 8. Ne5
Nbd7 9. Nxg6 hxg6 10. g5 Ng8 11. e4 dxe4 12. Nxe4 Nb6 13. c5 Nc8 14. h4 Nge7
15. Ng3 Nf5 16. Nxf5 gxf5 17. h5 Ne7 18. Bg2 Nd5 19. Qb3 Qc7 20. Bxd5 exd5 21.
Qf3 Qd7 22. Bf4 O-O-O 23. O-O-O Re8 24. Qg3 b6 25. Be5 Rg8 26. cxb6 axb6 27.
Qd3 Be7 28. Qa6+ Qb7 29. Qxb7+ Kxb7 30. Rdg1 f6 31. gxf6 gxf6 32. Rxg8 Rxg8 33.
Bf4 Kc8 34. h6 Kd7 35. a4 c5 36. Kc2 Bf8 37. f3 c4 38. Kc3 Rh8 39. b3 cxb3 40.
Kxb3 Rh7 41. Kc2 Kc6 42. Kd3 Kd7 43. Rb1 Kc6 44. Rc1+ Kb7 45. Rg1 Kc6 46. Rg6
Rf7 47. h7 1-0

[Event "Superliga 2011 M"]
[Site "?"]
[Date "2011.10.09"]
[Round "2.5"]
[White "Voiteanu, Gabriel"]
[Black "Doncea, Vladimir"]
[Result "0-1"]
[WhiteElo "2293"]
[BlackElo "2384"]
[PlyCount "71"]
[EventDate "2011.??.??"]

1. d4 Nf6 2. c4 e6 3. Nf3 d5 4. cxd5 exd5 5. g3 Bf5 6. Bg2 c6 7. O-O Be7 8. Nc3
O-O 9. a3 Nbd7 10. Nh4 Bg6 11. Nxg6 hxg6 12. b4 a6 13. Rb1 b5 14. a4 a5 15.
axb5 axb4 16. bxc6 bxc3 17. cxd7 Qxd7 18. Rb3 Rfc8 19. Qd3 c2 20. Bb2 Qf5 21.
Qxf5 gxf5 22. Rc1 Ra4 23. Bc3 Ra3 24. Rxa3 Bxa3 25. Rxc2 Bb4 26. Bxb4 Rxc2 27.
Bf3 Ne4 28. Ba5 g5 29. Bd8 g4 30. Bxe4 fxe4 31. e3 Kf8 32. Bh4 Ke8 33. h3 f5
34. hxg4 fxg4 35. Kf1 Kd7 36. Ke1 0-1

[Event "Superliga 2011 M"]
[Site "?"]
[Date "2011.10.09"]
[Round "2.5"]
[White "Georgescu, Tiberiu-Marian"]
[Black "Manole, Stefan"]
[Result "1/2-1/2"]
[WhiteElo "2391"]
[BlackElo "2052"]
[PlyCount "45"]
[EventDate "2011.??.??"]
[TimeControl "5400"]

1. d4 d5 2. c4 c6 3. Nf3 Nf6 4. e3 e6 5. Bd3 Ne4 6. O-O Nd7 7. b3 f5 8. Qc2 Qf6
9. Ba3 Bxa3 10. Nxa3 O-O 11. b4 a5 12. b5 c5 13. dxc5 Ndxc5 14. cxd5 exd5 15.
Bxe4 fxe4 16. Qxc5 exf3 17. Qxd5+ Be6 18. Qxf3 Qxf3 19. gxf3 Bh3 20. Rfc1 Rxf3
21. Kh1 Raf8 22. Rc2 R8f6 23. Kg1 1/2-1/2

[Event "Superliga 2011 M"]
[Site "Brasov/Rumania"]
[Date "2011.10.10"]
[Round "3.1"]
[White "Nisipeanu, Liviu-Dieter"]
[Black "Mastrovasilis, Dimitrios"]
[Result "1-0"]
[WhiteElo "2638"]
[BlackElo "2607"]
[PlyCount "105"]
[EventDate "2011.??.??"]
[TimeControl "40/5400+30:1800+30"]

1. e4 e5 2. Nf3 Nc6 3. Bb5 Nf6 4. O-O Nxe4 5. d4 Nd6 6. Bxc6 dxc6 7. dxe5 Nf5
8. Qxd8+ Kxd8 9. Nc3 Be6 10. Rd1+ Kc8 11. Ng5 Bc4 12. e6 Bxe6 13. Nxe6 fxe6 14.
Ne4 Nd6 15. Ng5 Kd7 16. Bf4 Re8 17. Nf7 Rg8 18. Rd3 Kc8 19. Bxd6 cxd6 20. Nxd6+
Bxd6 21. Rxd6 Re7 22. Re1 Rd8 23. Rxd8+ Kxd8 24. Kf1 Kc7 25. Re3 e5 26. Ra3 a6
27. Rh3 g6 28. Rh6 Kd6 29. h4 Ke6 30. h5 Kf5 31. hxg6 hxg6 32. Ke2 Rd7 33. Rh8
Rd4 34. Rf8+ Ke6 35. Rb8 Rb4 36. b3 a5 37. c3 Re4+ 38. Kd3 Rf4 39. Ke3 b5 40.
g3 Rf7 41. Ra8 Rh7 42. Rxa5 Rh1 43. a4 bxa4 44. Rxa4 Rc1 45. Kd3 Rd1+ 46. Kc4
Rd2 47. Ra6 Kd6 48. b4 Kc7 49. Ra7+ Kb6 50. Rf7 e4 51. Rf4 Kc7 52. Rxe4 Rxf2
53. Re6 1-0